| 000 | 00852nam a2200277Ia 4500 | ||
|---|---|---|---|
| 001 | Z_5469 | ||
| 003 | CHAP | ||
| 008 | 220113s2006 xx 000 0 und d | ||
| 010 | _a168554 | ||
| 040 | _cCHAP | ||
| 090 | _aTesis H 1977 | ||
| 100 |
_aHernández Rodríguez, Bertha Alicia _954540 |
||
| 245 |
_aProductividad al destete de vacas tropicarne con diferente potencial genético para tamaño corporal / _cBertha Alicia Hernández Rodríguez |
||
| 260 |
_aChapingo, Méx. : _bEl autor, _c2006 |
||
| 300 | _a57 h. | ||
| 502 | _aTesis (Ing. Agr. Esp. en Zootecnia) -- UACH. Departamento de Zootecnia | ||
| 650 |
_aDestete _932201 |
||
| 650 |
_aGanado de carne _x Genética _945084 |
||
| 650 |
_aGanado de carne _xTrópicos _945115 |
||
| 901 | _aTESIS H 1977 | ||
| 902 | _aM | ||
| 910 | _a2006 | ||
| 942 | _c2 | ||
| 942 | _c2 | ||
| 999 |
_c168554 _d168554 |
||